000 00847nam a2200313 a 4500
003 AR-BaBNM
005 20251128210024.0
008 082120s2002 ||||||||||||||000 | spa||
020 _a84-329-9421-9
040 _cAR-BaBNM
100 1 _aCaiati, M.
245 0 0 _aJuego libre en el jardín de infancia
250 _a2ª ed.
260 _aBarcelona
_bEdiciones Ceac
_c1987
300 _a158 p.
_bil.
490 0 _aEducación y enseñanza. Educación preescolar
650 4 _aJUEGOS EDUCATIVOS
650 4 _aJUEGOS INFANTILES
650 4 _aCREATIVIDAD
650 4 _aMOTIVACION DEL ALUMNO
650 4 _aTECNICAS DE ENSEÑANZA
653 _aJARDINES DE INFANTES
653 _aCONTENIDOS CURRICULARES
700 1 _aDelâc, S.
700 1 _aMüller, A.
800 1 _aSarramona, Jaume
_edirector
942 _cBK
998 _cCarmen
999 _c13746
_d13746